Normal view
MARC view
- Packaging
Entry Topical Term
001 - CONTROL NUMBER
- control field: 45112
003 - CONTROL NUMBER IDENTIFIER
- control field: NUST
005 - DATE AND TIME OF LATEST TRANSACTION
- control field: 20210314133145.0
008 - FIXED-LENGTH DATA ELEMENTS
- fixed length control field: 210314|| aca||aabn | a|a d
040 ## - CATALOGING SOURCE
- Original cataloging agency: NUST
- Transcribing agency: NUST
150 ## - HEADING--TOPICAL TERM
- Topical term or geographic name entry element: Packaging
670 ## - SOURCE DATA FOUND
- Source citation: Work cat.: (NUST): Barail, Louis C. 45111, Packaging engineering., 1954.
